书目信息 |
| 题名: |
任福尧数学论文选
|
|
| 作者: | 任福尧 著 | |
| 分册: | ||
| 出版信息: | 上海 复旦大学出版社有限公司 2019.10 |
|
| 页数: | 516页 | |
| 开本: | 23cm | |
| 丛书名: | ||
| 单 册: | ||
| 中图分类: | O1-53 | |
| 科图分类: | ||
| 主题词: | 数学--shu xue--文集 | |
| 电子资源: | ||
| ISBN: | 978-7-309-14573-1 | |
| 000 | 00780nam0 2200229 450 | |
| 001 | 0109110247 | |
| 005 | 20201109110341.0 | |
| 010 | @a978-7-309-14573-1@dCNY80.00 | |
| 100 | @a20200622d2019 em y0chiy50 ea | |
| 101 | 0 | @achi@aeng |
| 102 | @aCN@b310000 | |
| 105 | @aa z 000yy | |
| 106 | @ar | |
| 200 | 1 | @a任福尧数学论文选@Aren fu yao shu xue lun wen xuan@f任福尧著 |
| 210 | @a上海@c复旦大学出版社有限公司@d2019.10 | |
| 215 | @a516页@c照片@d23cm | |
| 330 | @a本书选编了任福尧教授各个时期发表的多篇数学论文,内容涉及几何函数论、复动力系统、分形几何、Hp空间理论、流体管路传输理论、奇异扩散过程等。 | |
| 606 | 0 | @a数学@Ashu xue@j文集 |
| 690 | @aO1-53@v5 | |
| 701 | 0 | @a任福尧@Aren fu yao@f(1930.9-)@4著 |
| 801 | 0 | @aCN@bBJSZM@c20201103 |
| 905 | @b1242051-4@dO1-53@e563@f4 | |
| 任福尧数学论文选/任福尧著.-上海:复旦大学出版社有限公司,2019.10 |
| 516页:照片;23cm |
| ISBN 978-7-309-14573-1:CNY80.00 |
| 本书选编了任福尧教授各个时期发表的多篇数学论文,内容涉及几何函数论、复动力系统、分形几何、Hp空间理论、流体管路传输理论、奇异扩散过程等。 |
| ● |
| 相关链接 |
|
|
|
|
正题名:任福尧数学论文选
索取号:O1-53/563
 
预约/预借
| 序号 | 登录号 | 条形码 | 馆藏地/架位号 | 状态 | 备注 |
| 1 | 1242051 | 212420511 | 第二样本阅览室/ [索取号:O1-53/563] | 在馆 | |
| 2 | 1242052 | 212420520 | 第三借阅区/ [索取号:O1-53/563] | 在馆 | |
| 3 | 1242053 | 212420539 | 第三借阅区/ [索取号:O1-53/563] | 在馆 | |
| 4 | 1242054 | 212420548 | 第三借阅区/ [索取号:O1-53/563] | 在馆 |